00000000nam 2200000zi 4500
0019.912828
003CaOODSP
00520250903135411
006m     o  d f      
007cr |n|||||||||
008220628s2022    onc     ob   f|0| 0 eng d
040 |aCaOODSP|beng|erda|cCaOODSP
043 |an-cn---
0861 |aRv55-8/10-13-1-2022E-PDF
24500|aTariff classification of goods.
250 |a[January 6, 2022 edition].
264 1|aOttawa : |bCanada Border Services Agency = Agence des services frontaliers du Canada, |c2022.
300 |a1 online resource (8 pages).
336 |atext|btxt|2rdacontent
337 |acomputer|bc|2rdamedia
338 |aonline resource|bcr|2rdacarrier
4901 |aMemorandum, |x2369-2391 ; |vD10-13-1
500 |aIssued also in French under title: Classement tarifaire des marchandises.
500 |a"Ottawa, January 6, 2022."
504 |aIncludes bibliographical references (page 8).
650 0|aTariff|zCanada.
650 0|aTariff |vTerminology and classification.
7102 |aCanada Border Services Agency, |eissuing body.
77508|tClassement tarifaire des marchandises.|w(CaOODSP)9.912832
794 |tTariff classification of goods.|b[October 21, 2024 edition]|w(CaOODSP)9.954767
830#0|aMemorandum (Canada Border Services Agency)|vD10-13-1.|w(CaOODSP)9.816825
85640|qPDF|s157 KB|uhttps://publications.gc.ca/collections/collection_2022/asfc-cbsa/RV55-8-10-13-1-2022-eng.pdf